000 00583nam a2200217Ia 4500
005 20260429112310.0
008 260429s9999||||xx |||||||||||||| ||und||
020 _a9789357512893
041 _aEnglish
082 _a910.4
_bCHH
100 _aChhaya, Bhavi
245 0 _aSpace travel and tourism /
_cBhavi Chhaya
260 _aNew Delhi :
_bRandom Publications,
_c2024.
300 _axi, 262 p.; hb
650 _a Aerospace studies
650 _a Commercial spaceflight
650 _a Space travel
650 _a Tourism industry
650 _aSpace tourism
942 _cTB
999 _c53370
_d53370